| 000 | 01099cam a22003494a 4500 | ||
|---|---|---|---|
| 001 | 53618 | ||
| 005 | 20230404130035.0 | ||
| 008 | 061206s2006 cu a b 001 0 spa | ||
| 010 | _a 2007354860 | ||
| 035 | _a(OCoLC)ocn105508146 | ||
| 040 |
_aDLC _cDLC |
||
| 020 | _a9592740259 | ||
| 020 | _a9789592740259 | ||
| 035 | _a(OCoLC)105508146 | ||
| 043 | _anwcu--- | ||
| 050 | 1 | 4 |
_a107 F 1788.22 _bC355ci 2006 |
| 082 | 0 | 0 | _a972.9106/4 |
| 100 | 1 |
_aCastro, Fidel, _d1926- |
|
| 245 | 1 | 0 |
_aCien horas con Fidel : _bconversaciones con Ignacio Ramonet. |
| 250 | _a2a. ed., rev. y enriquecida con nuevos datos. | ||
| 260 |
_aLa Habana : _bOficina de Publicaciones del Consejo de Estado, _c2006. |
||
| 300 |
_a798 p. : _bill. ; _c23 cm. |
||
| 504 | _aIncludes bibliographical references (p. [785]-789) and index. | ||
| 600 | 1 | 0 |
_aCastro, Fidel, _d1926- _vInterviews. |
| 651 | 0 |
_aCuba _xHistory _yRevolution, 1959. |
|
| 651 | 0 |
_aCuba _xHistory _y20th century. |
|
| 651 | 0 |
_aCuba _xHistory _y1990- |
|
| 700 | 1 | _aRamonet, Ignacio. | |
| 942 |
_2lcc _cbk |
||
| 994 |
_aC0 _bDRFGD |
||
| 946 | _acsexposito | ||
| 999 |
_c9736 _d9736 |
||